<?xml version="1.0" encoding="UTF-8"?><?xml-stylesheet type="text/xsl" href="static/style.xsl"?><OAI-PMH xmlns="http://www.openarchives.org/OAI/2.0/" xmlns:xsi="http://www.w3.org/2001/XMLSchema-instance" xsi:schemaLocation="http://www.openarchives.org/OAI/2.0/ http://www.openarchives.org/OAI/2.0/OAI-PMH.xsd"><responseDate>2026-04-13T15:11:14Z</responseDate><request verb="GetRecord" identifier="oai:www.recercat.cat:2072/480484" metadataPrefix="marc">https://recercat.cat/oai/request</request><GetRecord><record><header><identifier>oai:recercat.cat:2072/480484</identifier><datestamp>2025-05-08T16:19:28Z</datestamp><setSpec>com_2072_98</setSpec><setSpec>col_2072_378192</setSpec></header><metadata><record xmlns="http://www.loc.gov/MARC21/slim" xmlns:dcterms="http://purl.org/dc/terms/" xmlns:xsi="http://www.w3.org/2001/XMLSchema-instance" xmlns:doc="http://www.lyncode.com/xoai" xsi:schemaLocation="http://www.loc.gov/MARC21/slim http://www.loc.gov/standards/marcxml/schema/MARC21slim.xsd">
   <leader>00925njm 22002777a 4500</leader>
   <datafield ind2=" " ind1=" " tag="042">
      <subfield code="a">dc</subfield>
   </datafield>
   <datafield ind2=" " ind1=" " tag="720">
      <subfield code="a">Serra Folch, Carolina</subfield>
      <subfield code="e">author</subfield>
   </datafield>
   <datafield ind2=" " ind1=" " tag="720">
      <subfield code="a">Martorell Castellano, Cristina</subfield>
      <subfield code="e">author</subfield>
   </datafield>
   <datafield ind2=" " ind1=" " tag="260">
      <subfield code="c">2022</subfield>
   </datafield>
   <datafield ind2=" " ind1=" " tag="520">
      <subfield code="a">Si bien en los últimos años se han multiplicado las investigaciones sobre la historia del periodismo en España, los estudios específicos sobre el nacimiento de las principales cabeceras son todavía escasos. Esta investigación pretende aportar datos inéditos sobre el nacimiento del diario Las Noticias, en 1896. Su fundador, Rafael Roldós, pionero publicitario en nuestro país, ve en esta nueva cabecera una forma de ampliar sus negocios existentes en el ámbito del arte y la publicidad. Los inicios de este diario barcelonés están marcados por su rivalidad con El Noticiero Universal, diario vespertino de referencia en la ciudad. El artículo repasa aspectos como la estructura del rotativo, sus colaboradores más destacados y las técnicas que emplea para potenciar sus ventas y fidelizar a sus lectores.</subfield>
   </datafield>
   <datafield ind2=" " ind1=" " tag="520">
      <subfield code="a">Although in recent years research on the history of journalism in Spain has multiplied, specific studies on the birth of the main newspapers are still scarce. This research aims to provide unpublished data on the birth of the newspaper Las Noticias, in 1896. Its founder, Rafael Roldós, an advertising pioneer in our country, sees in this new headline a way to expand his existing businesses in the field of art and advertising. The beginnings of this Barcelona newspaper are marked by its rivalry with El Noticiero Universal, a leading evening newspaper in the city. The article reviews aspects such as the structure of the newspaper, its most prominent collaborators and the techniques it uses to boost its sales and retain its readers.</subfield>
   </datafield>
   <datafield tag="653" ind2=" " ind1=" ">
      <subfield code="a">Historia de la prensa</subfield>
   </datafield>
   <datafield tag="653" ind2=" " ind1=" ">
      <subfield code="a">Prensa</subfield>
   </datafield>
   <datafield tag="653" ind2=" " ind1=" ">
      <subfield code="a">Historia de los medios de comunicación</subfield>
   </datafield>
   <datafield tag="653" ind2=" " ind1=" ">
      <subfield code="a">Rafael Roldós Viñolas</subfield>
   </datafield>
   <datafield tag="653" ind2=" " ind1=" ">
      <subfield code="a">Las Noticias</subfield>
   </datafield>
   <datafield ind2="0" ind1="0" tag="245">
      <subfield code="a">El origen del diario Las Noticias : fundación y primeros años</subfield>
   </datafield>
</record></metadata></record></GetRecord></OAI-PMH>